Fruticultura.

Gardado en:
Detalles Bibliográficos
Autor Corporativo: Secretaría de Educación Pública (autor)
Formato: Libro
Idioma:Lingua castelá
Publicado: Cuernavaca, México: Secretaría de Educación Pública, 1990.
Edición:2a.edición.
Series:Manuales para Educación Agropecuaria. Area Producción Vegetal,
Subjects:
Tags: Engadir etiqueta
Sen Etiquetas, Sexa o primeiro en etiquetar este rexistro!

MARC

LEADER 00000cam a2200000 a 4500
001 UCC1965
003 CL-VaPUC
005 20240820104808.0
008 171214t19900000mx |||||||||||||||||spa|d
040 |c Pontificia Universidad Católica de Valparaíso 
082 0 7 |a 634 SEC 1990  |2 22 
110 2 |a Secretaría de Educación Pública  |e autor  |9 596079 
245 1 0 |a Fruticultura. 
250 |a 2a.edición. 
260 |a Cuernavaca, México:  |b Secretaría de Educación Pública,  |c 1990. 
300 |a 106 páginas. 
440 |a Manuales para Educación Agropecuaria. Area Producción Vegetal,   |n  21  |9 860801 
583 |a last modification  |c 20171214 17:05:00  |k Cristina Rojas 
650 0 |a Fruticultura  |9 259501 
650 0 |a Cultivo de frutales  |9 338094 
942 |c BK  |2 ddc 
945 |d 20171214 17:05:00  |a dcastane 
999 |c 432912  |d 432910 
952 |0 0  |1 0  |2 ddc  |3 erb  |4 0  |6 634_000000000000000_SEC_1990  |7 0  |8 A  |9 486672  |a BIBALI  |b BIBALI  |c GEN  |i 5442877  |o 634 SEC 1990   |p 5442877  |r 2025-01-20  |w 2019-11-24  |y BK  |z Catalogado en:20171214  |k ALI